[Event "Luxembourg-chT 1415"]
[Site "Luxembourg"]
[Date "2015.03.29"]
[Round "10"]
[White "Wagener, Anna"]
[Black "Marechal, Andy"]
[Result "1/2-1/2"]
[WhiteElo "2254"]
[BlackElo "2300"]
[PlyCount "34"]
[EventDate "2014.10.05"]
[EventType "team-tourn"]
[EventRounds "10"]
[EventCountry "LUX"]
[SourceTitle "EXT 2017"]
[Source "ChessBase"]
[SourceDate "2016.10.25"]
[SourceVersion "1"]
[SourceVersionDate "2016.10.25"]
[SourceQuality "1"]

1. e4 e6 2. d4 d5 3. exd5 exd5 4. Nf3 Nc6 5. Bd3 Bd6 6. 0-0 Bg4 7. Re1+ Nge7 8. c3 Qd7 9. Nbd2 0-0-0 10. b4 Rde8 11. Qa4 Kb8 12. b5 Nd8 13. Ne5 Bxe5 14. dxe5 Ng6 15. Bxg6 hxg6 16. Nb3 Qc8 17. Be3 b6 1/2-1/2

[Event "Luxembourg-chT 1415"]
[Site "Luxembourg"]
[Date "2014.10.05"]
[Round "1"]
[White "Bakalarz, Mietek"]
[Black "Wagener, Anna"]
[Result "1/2-1/2"]
[WhiteElo "2350"]
[BlackElo "2254"]
[PlyCount "95"]
[EventDate "2014.10.05"]
[EventType "team-tourn"]
[EventRounds "10"]
[EventCountry "LUX"]
[SourceTitle "EXT 2017"]
[Source "ChessBase"]
[SourceDate "2016.10.25"]
[SourceVersion "1"]
[SourceVersionDate "2016.10.25"]
[SourceQuality "1"]

1. d4 f5 2. e4 fxe4 3. Nc3 Nf6 4. Bg5 Nc6 5. d5 Ne5 6. Qd4 Nf7 7. h4 c6 8. 0-0-0 Qb6 9. Qd2 Nxd5 10. Nxd5 cxd5 11. Qxd5 Qc6 12. Qb3 Nxg5 13. hxg5 e6 14. Bb5 Qb6 15. g6 h6 16. Rh4 Bc5 17. Rxe4 0-0 18. Bxd7 Qxb3 19. axb3 Bxd7 20. Rxd7 Rxf2 21. Nh3 Rxg2 22. b4 Bf8 23. Rxe6 Rc8 24. c3 Rc6 25. Rxc6 bxc6 26. Nf4 Rg4 27. Rd4 Be7 28. Kd1 h5 29. Nxh5 Rxg6 30. Nf4 Rg1+ 31. Ke2 Kf7 32. Rd7 Ra1 33. Rc7 Ra6 34. Nd3 Kf6 35. Kf3 g5 36. Kg4 Ke6 37. Nc5+ Bxc5 38. bxc5 Kd5 39. Kxg5 Kxc5 40. Kf4 Kc4 41. Ke3 Kb3 42. Rb7+ Kc4 43. Rb4+ Kc5 44. Kd3 Ra1 45. Rb7 a5 46. Rh7 Rb1 47. Rh5+ Kb6 48. Kc4 1/2-1/2

[Event "BL 1213 (Women)"]
[Site "Germany"]
[Date "2012.10.06"]
[Round "1.1"]
[White "Foisor, Cristina Adela B"]
[Black "Wagener, Anna"]
[Result "1-0"]
[WhiteElo "2385"]
[BlackElo "2254"]
[PlyCount "53"]
[EventDate "2012.10.06"]
[EventType "team-tourn"]
[EventRounds "11"]
[EventCountry "GER"]
[SourceTitle "EXT 2013"]
[Source "ChessBase"]
[SourceDate "2012.11.22"]
[SourceVersion "1"]
[SourceVersionDate "2012.11.22"]
[SourceQuality "1"]
[WhiteTeam "Deizisau (W)"]
[BlackTeam "Karlsruhe (W)"]
[WhiteTeamCountry "GER"]
[BlackTeamCountry "GER"]

1. Nf3 f5 2. c4 Nf6 3. g3 g6 4. Bg2 Bg7 5. 0-0 0-0 6. d4 d6 7. Nc3 Qe8 8. d5 a5 9. Nd4 Na6 10. b3 Nc5 11. Rb1 Bd7 12. Bb2 g5 13. e3 Qg6 14. f4 Ng4 15. Qd2 Qh5 16. Bf3 gxf4 17. Bxg4 fxg4 18. exf4 e5 19. dxe6 Nxe6 20. Nd5 Qf7 21. Rbe1 Rfe8 22. f5 Nxd4 23. Bxd4 Rxe1 24. Rxe1 Re8 25. Rxe8+ Qxe8 26. Bxg7 Kxg7 27. Qg5+ 1-0

[Event "Luxembourg-chT 1112"]
[Site "Luxembourg"]
[Date "2012.05.10"]
[Round "9"]
[White "Doison, Axel"]
[Black "Wagener, Anna"]
[Result "0-1"]
[WhiteElo "2034"]
[BlackElo "2254"]
[PlyCount "107"]
[EventDate "2011.10.??"]
[EventType "team-tourn"]
[EventRounds "10"]
[EventCountry "LUX"]
[SourceTitle "EXT 2017"]
[Source "ChessBase"]
[SourceDate "2016.10.25"]
[SourceVersion "1"]
[SourceVersionDate "2016.10.25"]
[SourceQuality "1"]

1. d4 f5 2. Bf4 Nf6 3. Nf3 g6 4. e3 Bg7 5. Nbd2 0-0 6. h3 d6 7. Bc4+ Kh8 8. 0-0 c6 9. Bb3 Qe8 10. Re1 h6 11. Bh2 g5 12. e4 fxe4 13. Nxe4 Qg6 14. Ned2 Re8 15. Be6 Na6 16. Bxc8 Raxc8 17. c3 Nc7 18. Qb3 Rb8 19. c4 Nh5 20. Re4 b5 21. c5 Nd5 22. Rae1 Nhf4 23. Bxf4 gxf4 24. Re6 Bf6 25. R1e4 Rg8 26. Ne1 Nc7 27. cxd6 Nxe6 28. Rxe6 exd6 29. Rxd6 Rbe8 30. Ndf3 Qg7 31. Rxc6 Bxd4 32. Qxb5 Bf6 33. Qf5 Bg5 34. Qg4 Qb7 35. Rc2 Qe4 36. Rc7 Bd8 37. Qc8 Bxc7 38. Qxc7 Rg7 39. Qc3 Kh7 40. a3 Reg8 41. Kf1 Re7 42. Qd2 Rge8 43. Qa5 Qb1 44. b3 Qe4 45. Kg1 Rc8 46. Qh5 Rg7 47. Qa5 Rc1 48. Qd2 Rb1 49. b4 Re7 50. Kf1 Qc4+ 51. Kg1 Ra1 52. Kh2 Rxa3 53. Nc2 Rd3 54. Qc1 0-1

[Event "BL 0910 (Women)"]
[Site "Germany"]
[Date "2009.12.06"]
[Round "4.2"]
[White "Kulovana, Eva"]
[Black "Wagener, Anna"]
[Result "1-0"]
[WhiteElo "2287"]
[BlackElo "2223"]
[PlyCount "105"]
[EventDate "2009.11.07"]
[EventType "team-tourn"]
[EventRounds "11"]
[EventCountry "GER"]
[SourceTitle "CBM 133 Extra"]
[Source "ChessBase"]
[SourceDate "2010.01.05"]
[SourceVersion "1"]
[SourceVersionDate "2010.01.05"]
[SourceQuality "1"]
[WhiteTeam "Grosslehna (W)"]
[BlackTeam "Karlsruhe 1853 (W)"]
[WhiteTeamCountry "GER"]
[BlackTeamCountry "GER"]

1. e4 c5 2. Nf3 e6 3. b3 d6 4. Bb2 Nf6 5. e5 dxe5 6. Nxe5 Be7 7. Bd3 Nbd7 8. 0-0 Nxe5 9. Bxe5 Bd7 10. Nc3 Bc6 11. Qe2 0-0 12. Rae1 Bd6 13. f4 a6 14. a4 b6 15. Bxa6 Bxe5 16. fxe5 Qd4+ 17. Kh1 Nh5 18. Bb5 Qh4 19. Qf2 Qxf2 20. Rxf2 Bb7 21. Be2 g6 22. Bxh5 gxh5 23. Ne4 Bxe4 24. Rxe4 b5 25. h3 bxa4 26. bxa4 Rfb8 27. Kh2 Rb4 28. Rff4 Raxa4 29. Rxb4 cxb4 30. Kg3 Ra2 31. Rxb4 Rxc2 32. Rd4 Kg7 33. Kf4 Rc1 34. Rd3 Rc4+ 35. Kg5 Rc5 36. Re3 Rd5 37. d3 f6+ 38. Kxh5 fxe5 39. Rg3+ Kf6 40. Kh6 e4 41. dxe4 Rd4 42. Rg4 Ke5 43. Kxh7 Rxe4 44. Rxe4+ Kxe4 45. g4 Kf4 46. Kh6 e5 47. g5 e4 48. g6 e3 49. g7 e2 50. g8Q e1Q 51. Qg5+ Kf3 52. Qg4+ Kf2 53. Qh4+ 1-0

[Event "EU-ch (Women) 10th"]
[Site "St Petersburg"]
[Date "2009.03.19"]
[Round "11"]
[White "Wagener, Anna"]
[Black "L'Ami, Alina"]
[Result "1/2-1/2"]
[WhiteElo "2255"]
[BlackElo "2358"]
[PlyCount "34"]
[EventDate "2009.03.08"]
[EventType "swiss"]
[EventRounds "11"]
[EventCountry "RUS"]
[SourceTitle "CBM 129 Extra"]
[Source "ChessBase"]
[SourceDate "2009.05.05"]
[SourceVersion "2"]
[SourceVersionDate "2009.05.20"]
[SourceQuality "1"]

1. e4 c5 2. Nf3 d6 3. d4 Nf6 4. Nc3 cxd4 5. Nxd4 a6 6. h3 g6 7. g4 Bg7 8. Bg2 0-0 9. 0-0 Nfd7 10. Nde2 Nc6 11. f4 Nb6 12. Kh1 Bd7 13. b3 a5 14. Rb1 a4 15. a3 axb3 16. cxb3 Na7 17. a4 Nc6 1/2-1/2

[Event "EU-ch (Women) 10th"]
[Site "St Petersburg"]
[Date "2009.03.16"]
[Round "8"]
[White "Peng, Zhaoqin"]
[Black "Wagener, Anna"]
[Result "1/2-1/2"]
[WhiteElo "2461"]
[BlackElo "2255"]
[PlyCount "96"]
[EventDate "2009.03.08"]
[EventType "swiss"]
[EventRounds "11"]
[EventCountry "RUS"]
[SourceTitle "CBM 129 Extra"]
[Source "ChessBase"]
[SourceDate "2009.05.05"]
[SourceVersion "2"]
[SourceVersionDate "2009.05.20"]
[SourceQuality "1"]

1. d4 f5 2. Nc3 d5 3. Bf4 Nf6 4. e3 e6 5. Nf3 Be7 6. Nb5 Na6 7. c4 0-0 8. Nc3 c5 9. Qb3 Qa5 10. Be2 cxd4 11. exd4 Qb4 12. c5 Bxc5 13. 0-0 Qxb3 14. axb3 Be7 15. Bxa6 bxa6 16. Rac1 Ne4 17. Ne5 g5 18. Nc6 Bd6 19. Bxd6 Nxd6 20. f3 Kf7 21. Na4 Kf6 22. Nc5 Nb5 23. Kf2 Rf7 24. Ke3 Rc7 25. Nb4 Rb8 26. Nbxa6 Bxa6 27. Nxa6 Rxc1 28. Rxc1 Rb6 29. Nc5 Ke7 30. Na4 Rb7 31. Rc8 Nd6 32. Rc3 e5 33. Kd2 Nb5 34. Rc5 Nxd4 35. Rxd5 Nxb3+ 36. Kc3 Ke6 37. Rd8 Ke7 38. Rg8 Kf6 39. Rf8+ Ke6 40. Re8+ Kf6 41. Rf8+ Kg6 42. Re8 Rb5 43. Kc4 Nd4 44. b4 Kf7 45. Rh8 Kg7 46. Re8 Kf7 47. Rh8 Kg7 48. Re8 Kf7 1/2-1/2

[Event "EU-ch (Women) 10th"]
[Site "St Petersburg"]
[Date "2009.03.08"]
[Round "1"]
[White "Wagener, Anna"]
[Black "Kosintseva, Tatiana"]
[Result "1/2-1/2"]
[WhiteElo "2255"]
[BlackElo "2497"]
[PlyCount "71"]
[EventDate "2009.03.08"]
[EventType "swiss"]
[EventRounds "11"]
[EventCountry "RUS"]
[SourceTitle "CBM 129 Extra"]
[Source "ChessBase"]
[SourceDate "2009.05.05"]
[SourceVersion "2"]
[SourceVersionDate "2009.05.20"]
[SourceQuality "1"]

1. e4 c5 2. Nf3 d6 3. d4 cxd4 4. Qxd4 a6 5. c4 Nf6 6. Nc3 e6 7. Be3 Nbd7 8. Be2 Be7 9. 0-0 Qc7 10. Qd2 0-0 11. Nd4 b6 12. Rfc1 Bb7 13. f3 Rac8 14. a4 Ne5 15. a5 bxa5 16. Nb3 Nc6 17. Nd5 exd5 18. cxd5 Qb8 19. dxc6 Bxc6 20. Nxa5 Bb5 21. Nc4 Nd7 22. Bf4 Rc6 23. Ne3 Rfc8 24. Nd5 Rxc1+ 25. Rxc1 Rxc1+ 26. Qxc1 Bf8 27. Bxb5 Qxb5 28. Qc8 Qc5+ 29. Qxc5 Nxc5 30. b4 Ne6 31. Bg3 f6 32. Kf2 Kf7 33. Ke3 Ke8 34. Kd3 Kd7 35. Kc4 Nd8 36. Bf2 1/2-1/2

[Event "Olympiad Women-38"]
[Site "Dresden"]
[Date "2008.11.22"]
[Round "9"]
[White "Kachiani Gersinska, Ketino"]
[Black "Wagener, Anna"]
[Result "0-1"]
[WhiteElo "2371"]
[BlackElo "2246"]
[PlyCount "127"]
[EventDate "2008.11.13"]
[EventType "team-swiss"]
[EventRounds "11"]
[EventCountry "GER"]
[SourceTitle "CBM 128"]
[Source "ChessBase"]
[SourceDate "2009.01.28"]
[SourceVersion "1"]
[SourceVersionDate "2009.01.28"]
[SourceQuality "1"]
[WhiteTeam "Germany (W)"]
[BlackTeam "Luxembourg (W)"]
[WhiteTeamCountry "GER"]
[BlackTeamCountry "LUX"]

1. Nf3 d5 2. d4 e6 3. c4 a6 4. g3 dxc4 5. Bg2 Nd7 6. 0-0 Rb8 7. d5 Nb6 8. dxe6 Bxe6 9. Ng5 Qxd1 10. Rxd1 Bd6 11. Nxe6 fxe6 12. Nc3 Nf6 13. Bh3 Ke7 14. e4 Rbd8 15. Be3 h6 16. Rxd6 Kxd6 17. e5+ Kxe5 18. Bf4+ Kd4 19. Be3+ Ke5 20. Re1 Kd6 21. Bf4+ Kc5 22. Bxc7 Rde8 23. Be5 Nbd5 24. Ne2 g5 25. b4+ Kxb4 26. Rb1+ Kc5 27. Rxb7 Rh7 28. Rb1 Nd7 29. Bb2 e5 30. Ba3+ Kc6 31. Bg2 N7f6 32. Rc1 Kb5 33. Rb1+ Kc6 34. Nc3 Rd7 35. Rc1 e4 36. Bb2 Nxc3 37. Bxc3 Nd5 38. Bd4 Nb6 39. Be3 Rc7 40. Bf1 Re6 41. Rb1 Rb7 42. Rc1 Rc7 43. Rb1 Rb7 44. Rc1 Re5 45. Bd4 Ra5 46. Bg2 Re7 47. Rc2 Rb5 48. h3 Rd5 49. Be3 Rd1+ 50. Kh2 Re6 51. g4 Kb5 52. Rb2+ Ka5 53. Bxe4 Rxe4 54. Bxb6+ Ka4 55. Rc2 Kb4 56. f3 Re6 57. Bc7 c3 58. Kg3 Ree1 59. Kf2 Rd2+ 60. Kxe1 Rxc2 61. Bd6+ Kc4 62. Bf8 Kd3 63. Bxh6 Re2+ 64. Kf1 0-1

[Event "Olympiad Women-38"]
[Site "Dresden"]
[Date "2008.11.20"]
[Round "7"]
[White "Wagener, Anna"]
[Black "Maroroa, Sue Yuchan"]
[Result "1-0"]
[WhiteElo "2246"]
[BlackElo "1938"]
[PlyCount "79"]
[EventDate "2008.11.13"]
[EventType "team-swiss"]
[EventRounds "11"]
[EventCountry "GER"]
[SourceTitle "CBM 128"]
[Source "ChessBase"]
[SourceDate "2009.01.28"]
[SourceVersion "1"]
[SourceVersionDate "2009.01.28"]
[SourceQuality "1"]
[WhiteTeam "Luxembourg (W)"]
[BlackTeam "New Zealand (W)"]
[WhiteTeamCountry "LUX"]
[BlackTeamCountry "NZL"]

1. e4 e5 2. Bc4 Nc6 3. Nc3 d6 4. d3 Na5 5. Nge2 Nxc4 6. dxc4 Be7 7. Qd3 Nf6 8. f3 Nd7 9. Be3 Nb6 10. Nd5 Be6 11. f4 exf4 12. Nexf4 Qd7 13. 0-0-0 Bd8 14. Kb1 Qc6 15. b3 a5 16. Nxb6 cxb6 17. Nxe6 fxe6 18. Qxd6 Bc7 19. Qxc6+ bxc6 20. Rhf1 h6 21. Bd4 Rg8 22. g3 Ke7 23. Rd3 e5 24. Bc3 Rgf8 25. Rfd1 Rad8 26. Rxd8 Rxd8 27. Rxd8 Kxd8 28. Kc1 Ke7 29. Kd2 Kf6 30. Ke3 g5 31. g4 Bd6 32. Bb2 Ke6 33. Kd3 Kf6 34. Bc1 Ke6 35. Be3 c5 36. Kc3 Kd7 37. Kb2 Kc6 38. Ka3 Bf8 39. Ka4 Bd6 40. Bd2 1-0

[Event "Olympiad Women-38"]
[Site "Dresden"]
[Date "2008.11.19"]
[Round "6"]
[White "Wagener, Anna"]
[Black "Erneste, Inguna"]
[Result "0-1"]
[WhiteElo "2246"]
[BlackElo "2290"]
[PlyCount "124"]
[EventDate "2008.11.13"]
[EventType "team-swiss"]
[EventRounds "11"]
[EventCountry "GER"]
[SourceTitle "CBM 128"]
[Source "ChessBase"]
[SourceDate "2009.01.28"]
[SourceVersion "1"]
[SourceVersionDate "2009.01.28"]
[SourceQuality "1"]
[WhiteTeam "Luxembourg (W)"]
[BlackTeam "Latvia (W)"]
[WhiteTeamCountry "LUX"]
[BlackTeamCountry "LAT"]

1. e4 e5 2. Bc4 Nf6 3. d3 Nc6 4. Nc3 Bb4 5. Nge2 d5 6. exd5 Nxd5 7. Bxd5 Qxd5 8. 0-0 Qd8 9. f4 exf4 10. Bxf4 0-0 11. Qe1 Nd4 12. Nxd4 Qxd4+ 13. Kh1 c6 14. Qg3 f6 15. Ne4 Be7 16. Bh6 Rf7 17. Rae1 Kf8 18. c3 Qd8 19. Bf4 b6 20. Bd6 Ba6 21. Bxe7+ Rxe7 22. Rf3 Qc7 23. Qh4 Kg8 24. Rh3 h6 25. Qg4 Rf8 26. Rf3 Qd7 27. Qxd7 Rxd7 28. d4 f5 29. Ng3 f4 30. Nh5 g5 31. Re6 c5 32. Nf6+ Rxf6 33. Rxf6 cxd4 34. cxd4 Rxd4 35. h3 Rd1+ 36. Kh2 Rd2 37. Rg6+ Kh7 38. Re6 Bc4 39. Re7+ Kg6 40. Rc3 Bd5 41. Rd7 Rxg2+ 42. Kh1 Be4 43. Re7 Re2+ 44. Kg1 f3 45. Kf1 Kf5 46. Rf7+ Ke5 47. Rb3 h5 48. Rb5+ Kd4 49. Rxg5 Rxb2 50. Rf4 Rxa2 51. Rxh5 Ke3 52. Rxe4+ Kxe4 53. Rh7 a5 54. h4 b5 55. h5 b4 56. Rb7 Ke3 57. Re7+ Kd4 58. h6 Rh2 59. h7 b3 60. Rb7 Kc3 61. Kg1 Rh6 62. Kf2 b2 0-1

[Event "Kaupthing op-A 1st"]
[Site "Differdange"]
[Date "2007.07.08"]
[Round "2"]
[White "Ristic, Alexandre"]
[Black "Wagener, Anna"]
[Result "1/2-1/2"]
[WhiteElo "2094"]
[BlackElo "2292"]
[PlyCount "69"]
[EventDate "2007.07.07"]
[EventType "swiss"]
[EventRounds "9"]
[EventCountry "LUX"]
[SourceTitle "CBM 119 Extra"]
[Source "ChessBase"]
[SourceDate "2007.09.04"]
[SourceVersion "1"]
[SourceVersionDate "2007.09.04"]
[SourceQuality "1"]

1. e4 c5 2. Nf3 Nc6 3. g3 g6 4. Bg2 Bg7 5. 0-0 e5 6. c3 Nge7 7. d3 0-0 8. a3 d5 9. b4 cxb4 10. axb4 dxe4 11. dxe4 Be6 12. Be3 Qc7 13. Qa4 a6 14. Nbd2 Rfd8 15. b5 Nb8 16. c4 h6 17. Rfc1 Nd7 18. c5 axb5 19. Qxb5 Nc6 20. Rab1 Ra7 21. Nc4 Nd4 22. Bxd4 exd4 23. Nb6 Nb8 24. Nd2 Nc6 25. Nd5 Qa5 26. Nc4 Qxb5 27. Rxb5 d3 28. Rcb1 f5 29. Nd6 fxe4 30. Bxe4 Nd4 31. Ne7+ Kh8 32. Nxg6+ Kg8 33. Ne7+ Kh8 34. Ng6+ Kg8 35. Ne7+ 1/2-1/2

[Event "Kaupthing op-A 1st"]
[Site "Differdange"]
[Date "2007.07.08"]
[Round "3"]
[White "Wagener, Anna"]
[Black "Korman, Maxim"]
[Result "1/2-1/2"]
[WhiteElo "2292"]
[BlackElo "2061"]
[PlyCount "116"]
[EventDate "2007.07.07"]
[EventType "swiss"]
[EventRounds "9"]
[EventCountry "LUX"]
[SourceTitle "CBM 119 Extra"]
[Source "ChessBase"]
[SourceDate "2007.09.04"]
[SourceVersion "1"]
[SourceVersionDate "2007.09.04"]
[SourceQuality "1"]

1. e4 e6 2. d4 d5 3. exd5 exd5 4. Nf3 Bd6 5. c4 dxc4 6. Bxc4 Nf6 7. 0-0 0-0 8. h3 Bf5 9. Nc3 c6 10. Bg5 Nbd7 11. Re1 Qc7 12. Rc1 h6 13. Be3 Nb6 14. Bb3 Rad8 15. Nh4 Bh7 16. Qf3 Be7 17. Nf5 Bxf5 18. Qxf5 Qd7 19. Qf3 Nbd5 20. Nxd5 Nxd5 21. Bxh6 gxh6 22. Bxd5 cxd5 23. Qg3+ Bg5 24. h4 Qd6 25. Qxd6 Rxd6 26. hxg5 hxg5 27. Re5 f6 28. Re7 Rf7 29. Rxf7 Kxf7 30. Rc7+ Ke6 31. Rxb7 Ra6 32. a3 Ra4 33. Kf1 Kf5 34. f3 Kf4 35. Kf2 Rxd4 36. g3+ Ke5 37. Ke3 Ra4 38. Kd3 Rd4+ 39. Kc3 Rc4+ 40. Kb3 a5 41. Re7+ Kd6 42. Ra7 Rd4 43. Kc3 Rc4+ 44. Kd3 a4 45. Rb7 Ke5 46. Rb4 Rxb4 47. axb4 Kd6 48. f4 Kc6 49. Kd4 Kb5 50. Kxd5 Kxb4 51. Ke6 gxf4 52. gxf4 Kb3 53. Kxf6 Kxb2 54. f5 a3 55. Kg7 a2 56. f6 a1Q 57. f7 Qa7 58. Kg8 Qxf7+ 1/2-1/2

[Event "LUX-ch AB"]
[Site "Differdingen"]
[Date "2007.04.14"]
[Round "8.2"]
[White "Gengler, Pierre"]
[Black "Wagener, Anna"]
[Result "1/2-1/2"]
[WhiteElo "2233"]
[BlackElo "2278"]
[PlyCount "74"]
[EventDate "2007.04.07"]
[EventType "swiss"]
[EventRounds "9"]
[EventCountry "LUX"]
[SourceTitle "EXT 2008"]
[Source "ChessBase"]
[SourceDate "2007.11.25"]
[SourceVersion "1"]
[SourceVersionDate "2007.11.25"]
[SourceQuality "1"]

1. d4 f5 2. Bg5 Nf6 3. Bxf6 exf6 4. e3 d5 5. Bd3 Be6 6. Qf3 g6 7. h4 h5 8. Ne2 Nc6 9. Nf4 Bf7 10. Nd2 Nb4 11. Bb5+ c6 12. Ba4 Qa5 13. Bb3 Bd6 14. c3 Na6 15. 0-0 0-0 16. Bc2 Bxf4 17. Qxf4 Kg7 18. Nb3 Qc7 19. Qf3 Qe7 20. Rae1 Nc7 21. Qg3 Kh7 22. Nc5 Nb5 23. f3 b6 24. Nd3 Nd6 25. Nf4 Rae8 26. Re2 Qd7 27. Rfe1 Re7 28. Qf2 Rfe8 29. g3 Kg7 30. Qg2 Qc8 31. Kf2 Nc4 32. Bd3 Nd6 33. Bb1 Nc4 34. Bd3 Nd6 35. Rg1 Qd7 36. Rge1 Qc8 37. Rg1 Qd7 1/2-1/2

[Event "LUX-ch AB"]
[Site "Differdingen"]
[Date "2007.04.12"]
[Round "6.1"]
[White "Wagener, Anna"]
[Black "Ortartchiev, Gadji"]
[Result "1-0"]
[WhiteElo "2278"]
[BlackElo "2012"]
[PlyCount "61"]
[EventDate "2007.04.07"]
[EventType "swiss"]
[EventRounds "9"]
[EventCountry "LUX"]
[SourceTitle "EXT 2008"]
[Source "ChessBase"]
[SourceDate "2007.11.25"]
[SourceVersion "1"]
[SourceVersionDate "2007.11.25"]
[SourceQuality "1"]

1. e4 c5 2. Nf3 d6 3. d4 cxd4 4. Qxd4 Nc6 5. Bb5 Bd7 6. Bxc6 Bxc6 7. Nc3 Nf6 8. Bg5 e6 9. 0-0-0 Be7 10. Rhe1 0-0 11. Qd2 Qa5 12. Kb1 Rfd8 13. Nd4 Rac8 14. f3 Be8 15. g4 b5 16. h4 b4 17. Nce2 h6 18. Be3 Nh7 19. Rh1 Rc4 20. Ng3 Rdc8 21. g5 Qc7 22. gxh6 Bf6 23. hxg7 Bxd4 24. Bxd4 Rxc2 25. Qh6 e5 26. Nh5 Qe7 27. Rhg1 Bb5 28. Be3 f6 29. Rg6 Be2 30. Qxh7+ Kxh7 31. g8Q+ 1-0

[Event "Illes Medes op 1st"]
[Site "Illes Medes"]
[Date "2007.01.02"]
[Round "7"]
[White "Edouard, Romain"]
[Black "Wagener, Anna"]
[Result "1-0"]
[WhiteElo "2431"]
[BlackElo "2275"]
[PlyCount "41"]
[EventDate "2006.12.28"]
[EventType "swiss"]
[EventRounds "9"]
[EventCountry "ESP"]
[SourceTitle "CBM 116 Extra"]
[Source "ChessBase"]
[SourceDate "2007.03.07"]
[SourceVersion "1"]
[SourceVersionDate "2007.03.07"]
[SourceQuality "1"]

1. e4 e5 2. Nf3 Nc6 3. Bb5 f5 4. d3 fxe4 5. dxe4 Nf6 6. 0-0 Nxe4 7. Nxe5 Nxe5 8. Re1 Nf6 9. f4 c6 10. fxe5 Qb6+ 11. Kh1 Ne4 12. Rxe4 Qxb5 13. Nc3 Qc5 14. Re1 Be7 15. Ne4 Qc4 16. Nd6+ Bxd6 17. exd6+ Kf8 18. Re7 h6 19. Qf3+ Kg8 20. Re8+ Kh7 21. Qf5+ 1-0

[Event "La Pobla de Lillet op 16th"]
[Site "La Pobla de Lillet"]
[Date "2006.??.??"]
[Round "6"]
[White "Alonso Moyano, Jonathan"]
[Black "Wagener, Anna"]
[Result "1/2-1/2"]
[WhiteElo "2372"]
[BlackElo "2262"]
[PlyCount "48"]
[EventDate "2006.08.02"]
[EventType "swiss"]
[EventRounds "9"]
[EventCountry "ESP"]
[SourceTitle "CBM 113 Extra"]
[Source "ChessBase"]
[SourceDate "2006.09.14"]
[SourceVersion "1"]
[SourceVersionDate "2006.09.14"]
[SourceQuality "1"]

1. e4 c5 2. Nc3 Nc6 3. Bb5 g6 4. f4 Bg7 5. Nf3 Nd4 6. Bc4 e6 7. e5 d6 8. Ne4 dxe5 9. fxe5 Nxf3+ 10. Qxf3 Bxe5 11. 0-0 f5 12. d3 Nf6 13. Ng5 Ng4 14. Bb5+ Bd7 15. Nxe6 Qe7 16. Qxb7 Bxb5 17. Qxb5+ Kf7 18. Ng5+ Kg7 19. Nf3 Rab8 20. Qa5 Bf6 21. Bf4 Rxb2 22. Rae1 Qd7 23. h3 Rb5 24. Qd2 Rb4 1/2-1/2

[Event "EU-ch (Women) 6th"]
[Site "Kishinev"]
[Date "2005.06.20"]
[Round "9"]
[White "Ciuksyte, Dagne"]
[Black "Wagener, Anna"]
[Result "0-1"]
[WhiteElo "2356"]
[BlackElo "2250"]
[PlyCount "98"]
[EventDate "2005.06.11"]
[EventType "swiss"]
[EventRounds "12"]
[EventCountry "MDA"]
[SourceTitle "CBM 106 Extra"]
[Source "ChessBase"]
[SourceDate "2005.07.01"]
[SourceVersion "1"]
[SourceVersionDate "2005.07.01"]
[SourceQuality "1"]

1. e4 c5 2. Nf3 Nc6 3. d4 cxd4 4. Nxd4 g6 5. c4 Bg7 6. Be3 Nf6 7. Nc3 d6 8. Be2 0-0 9. 0-0 Bd7 10. Qd2 Nxd4 11. Bxd4 Bc6 12. f3 Nd7 13. Be3 a5 14. b3 Nc5 15. Rad1 Qb6 16. Kh1 Rfc8 17. Bg5 Qd8 18. Rfe1 Qf8 19. Bf1 h6 20. Be3 Kh7 21. Nd5 Bxd5 22. exd5 Bf6 23. g3 Qg7 24. Rc1 h5 25. Bg5 Re8 26. Rc2 b6 27. h4 Bxg5 28. hxg5 e5 29. dxe6 Nxe6 30. Rcc1 Nd4 31. Bg2 Nf5 32. Kh2 Rad8 33. Rcd1 Kg8 34. f4 Kf8 35. Be4 Ne7 36. Qf2 Qc3 37. Rd3 Qb4 38. Red1 Nc8 39. Bc6 Re7 40. Qb2 Kg8 41. Rd5 Re3 42. Rb5 Qc3 43. Qxc3 Rxc3 44. Rd2 a4 45. Bb7 axb3 46. axb3 Ne7 47. Rxb6 Nf5 48. Bd5 Nxg3 49. Rb7 Nf1+ 0-1